A Hole in the sidewalk : (Record no. 421)

MARC details
000 -LEADER
fixed length control field 00595nam a2200205 a 4500
005 - DATE AND TIME OF LATEST TRANSACTION
control field 20260322212019.0
008 - FIXED-LENGTH DATA ELEMENTS--GENERAL INFORMATION
fixed length control field data
020 ## - INTERNATIONAL STANDARD BOOK NUMBER
International Standard Book Number 0910223270
020 ## - INTERNATIONAL STANDARD BOOK NUMBER
International Standard Book Number 978-0-910223-27-0
040 ## - CATALOGING SOURCE
Original cataloging agency Hazelden
092 ## - LOCALLY ASSIGNED DEWEY CALL NUMBER (OCLC)
Classification number 616.85 B6 2000
001 - CONTROL NUMBER
control field data
100 1# - MAIN ENTRY--PERSONAL NAME
Personal name Black, Claudia
245 12 - TITLE STATEMENT
Title A Hole in the sidewalk :
Remainder of title the recovering person's guide to relapse prevention
Statement of responsibility, etc. Claudia Black.
260 ## - PUBLICATION, DISTRIBUTION, ETC.
Place of publication, distribution, etc. Baimbridge Island, WA
Name of publisher, distributor, etc. MAC Publishing
Date of publication, distribution, etc. c2000
300 ## - PHYSICAL DESCRIPTION
Extent vii, 147 p. ;
Dimensions ill. ; 26 cm.
650 #4 - SUBJECT ADDED ENTRY--TOPICAL TERM
Topical term or geographic name entry element Addicts.
650 02 - SUBJECT ADDED ENTRY--TOPICAL TERM
Topical term or geographic name entry element Compulsive Behavior
General subdivision history
-- history
650 #4 - SUBJECT ADDED ENTRY--TOPICAL TERM
Topical term or geographic name entry element Recovering addicts.
Holdings
Withdrawn status Lost status Damaged status Not for loan Home library Current library Shelving location Date acquired Total checkouts Full call number Barcode Date last seen Price effective from Koha item type
        Franklin Franklin General stacks 22/03/2026   GEN BC0010431 22/03/2026 22/03/2026 Books